000 00753cam a22002292 4500
001 0000018613
005 20151217145905.0
008 100223s xx 000 0 eng d
020 _a0470400265 :
040 _aKABU
_cKABU
100 1 _aMeredith, Jack R.
_@0000148292
245 1 0 _aProject management :
_ba managerial approach /
_cJack R. Meredith, Samuel J. Mantel.
250 _a7th ed.
260 _aHoboken, NJ :
_bJohn Wiley,
_c2010.
300 _axiv, 587 p. +
_e1 CD-ROM.
650 0 _aProject management.
_@0000148291
700 1 _aMantel, Samuel J.
_@0000148293
852 1 _9p7490 KES
852 1 _9p7490 KES
908 _a100223
950 _@1
999 _c3772
_d3772